El Sentir democrático: estudios sobre la cultura política centroamericana /

Guardat en:
Dades bibliogràfiques
Autor principal: Rodríguez, Florisabel
Autor corporatiu: Asociación Programa Centroamericano para la Sostenibilidad PROCESOS
Altres autors: Castro, Silvia, Espinosa, Rowland
Format: Desconegut
Publicat: Heredia: Editorial Fundación UNA
Matèries:
Etiquetes: Afegir etiqueta
Sense etiquetes, Sigues el primer a etiquetar aquest registre!

MARC

LEADER 00000 a2200000 04500
001 19348
003 cru CIDCACS/IIS
005 20231207143445.0
008 991231s d
040 |c cru CIDCACS/IIS  |a cru CIDCACS/IIS 
090 |a 04.04.02 S478s  
100 |a Rodríguez, Florisabel  
110 |a Asociación Programa Centroamericano para la Sostenibilidad PROCESOS  
245 |a El Sentir democrático:   |b estudios sobre la cultura política centroamericana /  |c Florisabel Rodríguez 
260 |a Heredia:   |b Editorial Fundación UNA  
300 |a iv, 374 p.  
650 |a POLITICA  
650 |a EDUCACION POLITICA  
650 |a VALORES SOCIALES  
650 |a DEMOCRACIA  
700 |a   
700 |a Castro, Silvia  
700 |a   
700 |a Espinosa, Rowland  
700 |a   
942 |2 z  |c LI  |h 04.04.02 S478s   |i 04699  |6 040402_S478S_04699 
999 |c 1227  |d 1227